Éclats du crépuscule : recueil d'études sur l'Égypte tardive offert à Olivier Perdu /
Other Authors: ,
Format: Book
Language:
French
English
German
Published:
Leuven ; Bristol, CT :
Peeters,
2022.
Series:
Orientalia Lovaniensia analecta ;
315.
OLA ;
315.
Subjects:
Tags: Add Tag
Call Number: DS1 .O7 v.315
| LEADER | 01340nam a22003617a 4500 | ||
|---|---|---|---|
| 003 | OSt | ||
| 005 | 20260504100441.0 | ||
| 008 | 260121s2022 be abce b 010 0 fre | ||
| 010 | |a 2023289245 | ||
| 020 | |a 9789042948723 |q cloth | ||
| 020 | |a 9042948728 | ||
| 035 | |a 23128076 | ||
| 040 | |c ARCE Library | ||
| 041 | 0 | |a fre |a eng |a ger | |
| 042 | |a pcc | ||
| 043 | |a f-ua--- | ||
| 050 | 4 | |a DS1 .O7 v.315 | |
| 245 | 0 | 0 | |a Éclats du crépuscule : |b recueil d'études sur l'Égypte tardive offert à Olivier Perdu / |c édité par Raphaële Meffre et Frédéric Payraudeau. |
| 246 | 3 | 0 | |a Recueil d'études sur l'Égypte tardive offert à Olivier Perdu. |
| 264 | 1 | |a Leuven ; |a Bristol, CT : |b Peeters, |c 2022. | |
| 300 | |a ix, 282 pages : |b illustrations (some color), color maps, plans (some color), genealogical tables, portraits ; |c 26 cm. | ||
| 490 | 0 | |a Orientalia Lovaniensia analecta ; |v 315. | |
| 490 | 0 | |a OLA ; |v 315. | |
| 504 | |a Includes bibliographical references. | ||
| 546 | |a 10 contributions in French, 2 contributions in English and 3 contributions in German. | ||
| 650 | 0 | |a Egyptian language |v Texts. | |
| 651 | 0 | |a Egypt |x Antiquities. | |
| 700 | 1 | |a Perdu, Olivier, |e honoree | |
| 700 | 1 | |a Meffre, Raphaële, |e editor | |
| 700 | 1 | |a Payraudeau, Frédéric, |e editor | |
| 901 | |a reviewed | ||
| 942 | |2 lcc |c BK | ||
| 999 | |c 61810 |d 61810 | ||
